[Event "Titled Tuesday intern op 12th May"]
[Site "Chess.com INT"]
[Date "2020.05.12"]
[Round "7"]
[White "Lorenzo, Luis"]
[Black "Shymanskyi, Oleksandr"]
[Result "0-1"]
[WhiteElo "2086"]
[BlackElo "2296"]
[PlyCount "46"]
[EventDate "2020.05.12"]
[EventType "swiss (blitz)"]
[EventRounds "10"]
[EventCountry "USA"]
[SourceTitle "EXT 2021"]
[Source "ChessBase"]
[SourceDate "2020.10.23"]
[SourceVersion "1"]
[SourceVersionDate "2020.10.23"]
[SourceQuality "1"]

1. d4 b5 2. Nf3 Bb7 3. c3 a6 4. Nbd2 f5 5. Qc2 e6 6. e4 fxe4 7. Nxe4 Nf6 8. Ng3 Nc6 9. Bd3 Ne7 10. Ne5 Bxg2 11. Rg1 Bh3 12. Ne4 Bf5 13. Ng5 Qb8 14. Ngf7 Rg8 15. Qe2 Bxd3 16. Qxd3 d6 17. Ng5 dxe5 18. dxe5 Nd7 19. Nxe6 Nxe5 20. Qd5 c6 21. Qg2 Qd6 22. Nd4 0-0-0 23. Bf4 Nd3+ 0-1

[Event "Villa Martelli Pro Am op 15th"]
[Site "Villa Martelli"]
[Date "2008.10.10"]
[Round "1"]
[White "Lorenzo, Luis"]
[Black "Alvarez, Roberto Gabriel"]
[Result "0-1"]
[WhiteElo "2120"]
[BlackElo "2099"]
[PlyCount "60"]
[EventDate "2008.10.10"]
[EventType "swiss"]
[EventRounds "9"]
[EventCountry "ARG"]
[SourceTitle "CBM 126 Extra"]
[Source "ChessBase"]
[SourceDate "2008.11.05"]
[SourceVersion "1"]
[SourceVersionDate "2008.11.05"]
[SourceQuality "1"]

1. c4 f5 2. Nc3 Nf6 3. d3 g6 4. Nf3 Bg7 5. g3 d6 6. Bg2 e5 7. 0-0 0-0 8. e4 Nc6 9. Bg5 h6 10. Bxf6 Qxf6 11. Nd5 Qf7 12. Nd2 f4 13. Qf3 Nd4 14. Qd1 c6 15. Nc3 f3 16. Bh1 Bg4 17. h4 g5 18. Kh2 gxh4 19. gxh4 Qf4+ 20. Kg1 Ne2+ 21. Nxe2 fxe2 22. Qb3 exf1Q+ 23. Rxf1 Be2 24. c5+ Kh8 25. Nf3 Qg4+ 26. Kh2 Bxf1 27. Qd1 Qf4+ 28. Kg1 Bh3 29. cxd6 Bf6 30. Qc2 Rg8+ 0-1